New actions and existing policies : (Record no. 6809)
[ view plain ]
| 000 -LEADER | |
|---|---|
| fixed length control field | 01107nam a22002177a 4500 |
| 001 - CONTROL NUMBER | |
| control field | 6809 |
| 003 - CONTROL NUMBER IDENTIFIER | |
| control field | FISKH |
| 005 - DATE AND TIME OF LATEST TRANSACTION | |
| control field | 20250529094313.0 |
| 008 - FIXED-LENGTH DATA ELEMENTS--GENERAL INFORMATION | |
| fixed length control field | 250529b cb ||||| |||| 00| 0 eng d |
| 040 ## - CATALOGING SOURCE | |
| Original cataloging agency | FISKH |
| Language of cataloging | eng |
| Transcribing agency | FISKH |
| Modifying agency | FISKH |
| 100 ## - MAIN ENTRY--PERSONAL NAME | |
| Personal name | Grimsditch, Mark |
| 245 ## - TITLE STATEMENT | |
| Title | New actions and existing policies : |
| Remainder of title | The implementation and impacts of order 01 / |
| Statement of responsibility, etc. | By Mark Grimsditch and Laura Schoenberger |
| 260 ## - PUBLICATION, DISTRIBUTION, ETC. | |
| Place of publication, distribution, etc. | Phnom Penh : |
| Name of publisher, distributor, etc. | The NGO Forum on Cambodia , |
| Date of publication, distribution, etc. | 2015. |
| 300 ## - PHYSICAL DESCRIPTION | |
| Extent | 303 pages : |
| Other physical details | color illustrations, maps ; |
| Dimensions | 25 cm . |
| 520 ## - SUMMARY, ETC. | |
| Summary, etc. | This report critically examines Order 01, a Cambodian government directive issued in 2012 aimed at strengthening the management of Economic Land Concessions (ELCs). The order declared a moratorium on new ELCs and initiated a nationwide land titling campaign to formalize land tenure for communities living on state land, including areas affected by ELCs. <br/>landportal.org |
| 700 ## - ADDED ENTRY--PERSONAL NAME | |
| Personal name | Nee, Meas |
| Relator term | Field work team leader |
| 700 ## - ADDED ENTRY--PERSONAL NAME | |
| Personal name | Leakhena, Kol |
| Relator term | Survery team leader |
| 700 ## - ADDED ENTRY--PERSONAL NAME | |
| Personal name | Bora, Keo |
| Relator term | Survey team leader |
| 942 ## - ADDED ENTRY ELEMENTS (KOHA) | |
| Source of classification or shelving scheme | Dewey Decimal Classification |
| Koha item type | Books |
| Suppress in OPAC | No |
| Withdrawn status | Lost status | Source of classification or shelving scheme | Damaged status | Not for loan | Collection | Home library | Current library | Shelving location | Date acquired | Total Checkouts | Full call number | Barcode | Date last seen | Price effective from | Koha item type |
|---|---|---|---|---|---|---|---|---|---|---|---|---|---|---|---|
| Dewey Decimal Classification | Reference | Footprints International School Library Network Toul Tom Poung Campus | Footprints International School Library Network Toul Tom Poung Campus | Librarian's Shelf TTP | 05/29/2025 | GRI | 2025-1432 | 05/29/2025 | 05/29/2025 | Books |
